Techniques for teaching young children : choices in theory and practice

Uloženo v:
Podrobná bibliografie
Hlavní autor: MacNaughton, Glenda
Médium: Kniha
Vydáno: Addison Wesley Longman 1998
Tagy: Přidat tag
Žádné tagy, Buďte první, kdo otaguje tento záznam!
Thư viện lưu trữ: Mạng thư viện Đại học Đà Nẵng
LEADER 00597nam a2200217 a 4500
001 000029850
003 8153
005 20171030145630.0
008 171030s1998
040 |a LTT 
082 0 |a 372.21  |b MA-G 
100 1 |a MacNaughton, Glenda 
245 0 0 |a Techniques for teaching young children : choices in theory and practice  |c Glenda MacNaughton, Gillian Williams. 
260 |b Addison Wesley Longman  |c 1998 
OWN |a LTT 
999 |a From the UDN01 
TYP |a Monograph 
TYP |a Printed language 
980 |a Mạng thư viện Đại học Đà Nẵng